Normal view
MARC view
- Waheed-Uz-Zaman, Allama Amam Abu Dawood Suleman Sajestani
Entry Personal Name
001 - CONTROL NUMBER
- control field: 76707
003 - CONTROL NUMBER IDENTIFIER
- control field: NUST
005 - DATE AND TIME OF LATEST TRANSACTION
- control field: 20210628205711.0
008 - FIXED-LENGTH DATA ELEMENTS
- fixed length control field: 210628|| aca||aabn | a|a d
040 ## - CATALOGING SOURCE
- Original cataloging agency: NUST
- Transcribing agency: NUST
100 ## - HEADING--PERSONAL NAME
- Personal name: Waheed-Uz-Zaman, Allama Amam Abu Dawood Suleman Sajestani
670 ## - SOURCE DATA FOUND
- Source citation: Work cat.: (NUST): Waheed-Uz-Zaman, Allama Amam Abu Dawood Suleman Sajestani, Sunnan abu dawood sharif, 1987
